00791nam a22002297a 4500999001500000001000500015003000900020005001700029008004100046040003800087082002400125245006100149260004400210300002200254504004100276505001200317650004300329700002200372710002800394942001200422952012700434 c1873d18739575BD-DhUAP20200217121753.0200217s1996 bg b 00| 0 eng d aBD-DhUAPcBD-DhUAPbEngdBD-DhUAP00223a348.5492046 BAN aBangladesh legal decisions /cedited by Gour Gopal Saha. aDhaka :bBangladesh Bar Council,c1996. avolumes ;c24 cm. aIncludes bibliographical references. aV. 16-- aLaw reports, digests, etczBangladesh. aSaha, Gour Gopal. aBangladesh Bar Council.002ddccBK 00102ddc4070aUAPCLbUAPCLcGeneral Stacksd2020-02-17o348.5492046 BAN V-16p3010009575r2020-02-17t1w2020-02-17yBK